[Event "TUR-ch Istanbul"]
[Site "Istanbul"]
[Date "2006.03.11"]
[Round "1.1"]
[White "Can, Emre"]
[Black "Secer, Ata"]
[Result "1-0"]
[WhiteElo "2281"]
[BlackElo "2229"]
[PlyCount "87"]
[EventDate "2006.??.??"]

1. e4 c5 2. Nf3 Nc6 3. Bb5 g6 4. O-O Bg7 5. Re1 Nf6 6. e5 Nd5 7. Nc3 Nc7 8.
Bxc6 dxc6 9. Ne4 b6 10. Nf6+ Kf8 11. Ne4 Bg4 12. d3 Ne6 13. Ned2 Qd5 14. h3
Bxf3 15. Nxf3 Rd8 16. Be3 h6 17. Qd2 Kg8 18. c4 Qxd3 19. Qxd3 Rxd3 20. Rad1
Rxd1 21. Rxd1 f5 22. Rd7 Kf7 23. Rxa7 b5 24. b3 Rb8 25. cxb5 cxb5 26. Kf1 Rd8
27. Ra5 f4 28. Bd2 b4 29. Ke2 g5 30. g4 Rd7 31. a3 bxa3 32. Bc3 Rd5 33. Rxa3
Nc7 34. Ra5 Ke6 35. Ra7 Rd7 36. Bb2 Bf8 37. b4 cxb4 38. Nd4+ Rxd4 39. Bxd4 Nb5
40. Ra6+ Kd5 41. Ba1 e6 42. Kd3 b3 43. Ra5 Kc5 44. Ra8 1-0

[Event "TUR-ch Istanbul"]
[Site "?"]
[Date "2006.03.11"]
[Round "1.2"]
[White "Korkmaz, Necmettin"]
[Black "Haznedaroglu, Kivanc"]
[Result "0-1"]
[WhiteElo "2071"]
[BlackElo "2438"]
[PlyCount "110"]
[EventDate "2006.03.11"]

1. e4 c5 2. Nc3 Nc6 3. g3 g6 4. Bg2 Bg7 5. d3 Rb8 6. Nge2 e6 7. Be3 Nd4 8. O-O
Ne7 9. Qd2 O-O 10. Nd1 b6 11. c3 Nxe2+ 12. Qxe2 Ba6 13. f4 f5 14. exf5 exf5 15.
Re1 Re8 16. Qd2 Nc6 17. Bd5+ Kh8 18. Nf2 Qf6 19. Nh3 Qd6 20. Qg2 Ne7 21. Bf3 h6
22. Rad1 Ng8 23. g4 fxg4 24. Qxg4 Qf6 25. Nf2 Qf5 26. Qg2 Ne7 27. Ne4 Rf8 28.
Ng3 Qf7 29. f5 Nxf5 30. Nxf5 gxf5 31. Bf4 Rbe8 32. Qh3 Rxe1+ 33. Rxe1 Qf6 34.
d4 cxd4 35. Kh1 d3 36. Bd5 Bc4 37. Bxc4 Qc6+ 38. Qg2 Qxc4 39. Re7 Rf7 40. Re8+
Kh7 41. Qd2 Qxa2 42. h4 Qd5+ 43. Kh2 Rf6 44. Re3 Rg6 45. Rxd3 Qe4 46. Rxd7 Rg4
47. Bg3 f4 48. Be1 f3 49. Bg3 Rg6 50. Rxa7 Re6 51. Qf2 Qg4 52. Qc2+ Kg8 53.
Ra8+ Bf8 54. Qb3 Kg7 55. Rxf8 Re2+ 0-1

[Event "TUR-ch Istanbul"]
[Site "?"]
[Date "2006.03.11"]
[Round "1.3"]
[White "Erdogdu, Mert"]
[Black "Yagiz, Yasin Emrah"]
[Result "1/2-1/2"]
[WhiteElo "2345"]
[BlackElo "2209"]
[PlyCount "109"]
[EventDate "2006.03.11"]

1. e4 c5 2. Nf3 e6 3. d4 cxd4 4. Nxd4 a6 5. c4 Nf6 6. Nc3 Bb4 7. Qd3 O-O 8. Be2
Nc6 9. O-O Qc7 10. Nxc6 dxc6 11. Be3 Rd8 12. Qc2 Bxc3 13. bxc3 e5 14. Rab1 c5
15. f3 b6 16. Qb3 Rb8 17. Qa3 a5 18. Rb3 Ne8 19. Rfb1 Be6 20. Qb2 Rd6 21. Rb5
Rc6 22. Rxa5 Nd6 23. Ra4 f6 24. Qa3 h6 25. Ra7 Rb7 26. Ra8+ Kh7 27. Qa4 Qd7 28.
Rd1 Rbc7 29. Rd5 Qf7 30. Rd8 Nb7 31. Rb8 Rc8 32. Rxc8 Rxc8 33. Rd2 Na5 34. Qb5
Rc6 35. Rd5 Qc7 36. Rd2 Qf7 37. Rd5 Qc7 38. Qb1 g6 39. Qe1 Rd6 40. Qh4 g5 41.
Qg3 Bxd5 42. exd5 Rd8 43. Bd3+ Kg7 44. Qg4 Qf7 45. h4 Nb7 46. hxg5 hxg5 47. f4
exf4 48. Bxf4 Kf8 49. Bg3 Nd6 50. Qh3 Ke7 51. Bg6 Qg8 52. Bh7 Qf7 53. Bg6 Qg8
54. Bh7 Qf7 55. Bg6 1/2-1/2

[Event "TUR-ch Istanbul"]
[Site "?"]
[Date "2006.03.11"]
[Round "1.4"]
[White "Goksel, Doga Cihan"]
[Black "Atakisi, Umut"]
[Result "1/2-1/2"]
[WhiteElo "2189"]
[BlackElo "2441"]
[PlyCount "50"]
[EventDate "2006.03.11"]

1. Nf3 d5 2. d4 Nf6 3. c4 c6 4. Nc3 dxc4 5. a4 Bf5 6. e3 e6 7. Bxc4 Bb4 8. O-O
O-O 9. Qe2 Bg6 10. Ne5 Nbd7 11. Nxg6 hxg6 12. Rd1 Qa5 13. h3 Rad8 14. Qc2 Nb6
15. Bb3 c5 16. dxc5 Qxc5 17. Bd2 Rc8 18. Rac1 Qh5 19. Be1 Rc6 20. Qd3 Rfc8 21.
Rb1 Nc4 22. Nb5 Bxe1 23. Rxe1 a6 24. Bxc4 axb5 25. Bxb5 Rc2 1/2-1/2

[Event "TUR-ch Istanbul"]
[Site "?"]
[Date "2006.03.11"]
[Round "1.5"]
[White "Kilicaslan, Hasan"]
[Black "Erdogan, Hakan"]
[Result "0-1"]
[WhiteElo "2281"]
[BlackElo "2259"]
[PlyCount "116"]
[EventDate "2006.03.11"]

1. e4 c5 2. c3 Nf6 3. e5 Nd5 4. d4 Nc6 5. c4 Nc7 6. d5 Nxe5 7. f4 Ng6 8. h4 h5
9. Bd3 d6 10. Qc2 Qd7 11. Bxg6 fxg6 12. Qxg6+ Kd8 13. Nf3 Qf5 14. Qxf5 Bxf5 15.
Ng5 Kd7 16. Nc3 g6 17. Be3 Bg7 18. Kd2 Rab8 19. a4 Rbe8 20. Rae1 e6 21. dxe6+
Nxe6 22. Nxe6 Rxe6 23. Bf2 Rhe8 24. Rxe6 Rxe6 25. Re1 Kc6 26. b3 Rxe1 27. Bxe1
Bf6 28. g3 Bd8 29. Kc1 Be6 30. Nb5 d5 31. Na3 d4 32. Bd2 Bg4 33. Nc2 Kd6 34.
Ne1 Be2 35. Kc2 Ke6 36. Nd3 Be7 37. Nf2 Kf5 38. Be1 Bd6 39. Kd2 Bf3 40. Kd3 Bc6
41. Ba5 b6 42. Be1 Bf3 43. Bd2 Be7 44. Be1 Bg2 45. Ke2 Be4 46. Kd1 Bd8 47. Bd2
Be7 48. Kc1 Bf3 49. Kc2 a6 50. Bc1 Be4+ 51. Kd1 Bd6 52. Kd2 Bb1 53. Ba3 a5 54.
Kc1 Be4 55. Kd2 Be7 56. Bc1 Bf6 57. Bb2 Bb1 58. Ba1 Ba2 0-1

[Event "TUR-ch Istanbul"]
[Site "?"]
[Date "2006.03.11"]
[Round "1.6"]
[White "Atalik, Ekaterina"]
[Black "Atalik, Suat"]
[Result "0-1"]
[WhiteElo "2399"]
[BlackElo "2618"]
[PlyCount "112"]
[EventDate "2006.03.11"]

1. e4 c5 2. Nf3 d6 3. c3 Nf6 4. Bd3 Nc6 5. O-O Bg4 6. Bc2 e6 7. h3 Bh5 8. d4
cxd4 9. g4 Bg6 10. Nxd4 Nxe4 11. Nxc6 bxc6 12. Bxe4 Bxe4 13. Qa4 f5 14. Nd2 Qd7
15. Nxe4 fxe4 16. Qxe4 d5 17. Qe2 h5 18. Bf4 hxg4 19. Qxg4 Bd6 20. Bxd6 Qxd6
21. Rae1 Kf7 22. Re3 Rh6 23. Rg3 Rg8 24. Re1 Rf6 25. Ree3 Qf4 26. Qh5+ Ke7 27.
Ref3 Rh6 28. Rxf4 Rxh5 29. Ra4 Kd6 30. Rxa7 g6 31. Ra4 e5 32. Rag4 g5 33. Kg2
c5 34. h4 gxh4 35. Rxg8 hxg3 36. Rg6+ Kd7 37. Kxg3 Rh1 38. Rg7+ Ke6 39. Rg6+
Kf5 40. Rc6 c4 41. Kf3 Rb1 42. b3 Rc1 43. bxc4 Rxc3+ 44. Ke2 d4 45. Rh6 Rc2+
46. Kd3 Rxf2 47. Rh5+ Kf4 48. Rh4+ Kg5 49. Rh8 Rxa2 50. Rg8+ Kf6 51. Rf8+ Ke7
52. Rh8 Ra3+ 53. Ke4 Re3+ 54. Kd5 d3 55. Rh1 d2 56. Rd1 e4 0-1

[Event "TUR-ch Istanbul"]
[Site "?"]
[Date "2006.03.12"]
[Round "2.1"]
[White "Secer, Ata"]
[Black "Gurevich, Mikhail"]
[Result "0-1"]
[WhiteElo "2229"]
[BlackElo "2633"]
[PlyCount "130"]
[EventDate "2006.03.11"]

1. e4 d6 2. d4 g6 3. Nc3 Bg7 4. Nf3 Nf6 5. Be2 O-O 6. O-O Bg4 7. h3 Bxf3 8.
Bxf3 Nc6 9. Be3 Re8 10. Re1 e5 11. d5 Nd4 12. Bxd4 exd4 13. Nb5 a6 14. Nxd4
Nxd5 15. exd5 Rxe1+ 16. Qxe1 Bxd4 17. c3 Be5 18. Qe4 b5 19. a4 Rb8 20. Qe2 Qf6
21. axb5 axb5 22. g3 b4 23. Ra7 bxc3 24. bxc3 Bxc3 25. Kg2 Bd4 26. Rxc7 Bc5 27.
Qe7 Qf5 28. Qe2 Kg7 29. Re7 Qf6 30. Qe6 Bxf2 31. Qxf6+ Kxf6 32. Re4 Bc5 33. g4
Rb2+ 34. Re2 Rb3 35. Re4 Rd3 36. h4 h6 37. Re8 Bd4 38. h5 gxh5 39. gxh5 Be5 40.
Kf2 Kf5 41. Ke2 Ra3 42. Rf8 Ra2+ 43. Kd3 Ra7 44. Bd1 Kf4 45. Bc2 Rc7 46. Kd2
Bc3+ 47. Kd3 Bg7 48. Rg8 Be5 49. Rf8 Bg7 50. Rg8 Bf6 51. Rf8 Ke5 52. Bb3 Kf5
53. Bc2 Be5 54. Kd2+ Kf6 55. Be4 Ra7 56. Ke2 Kg7 57. Rd8 Ra3 58. Rd7 Kf6 59.
Bd3 Ra4 60. Kf2 Rf4+ 61. Ke3 Kg5 62. Be2 f5 63. Bf3 Ra4 64. Be2 Ra3+ 65. Kd2
Ra5 0-1

[Event "TUR-ch Istanbul"]
[Site "?"]
[Date "2006.03.12"]
[Round "2.2"]
[White "Atalik, Suat"]
[Black "Ertutan, Yakup"]
[Result "1-0"]
[WhiteElo "2618"]
[BlackElo "2365"]
[PlyCount "71"]
[EventDate "2006.03.11"]

1. d4 d5 2. c4 e6 3. Nc3 Be7 4. Nf3 Nf6 5. Bf4 O-O 6. e3 c5 7. dxc5 Bxc5 8. a3
Nc6 9. Qc2 Qa5 10. Rd1 Be7 11. Be2 dxc4 12. Bxc4 e5 13. Bg3 Bg4 14. O-O Rac8
15. Rc1 a6 16. Ba2 Bxf3 17. gxf3 b5 18. Nd5 Nxd5 19. Bxd5 Na7 20. Qe4 Bd6 21.
Bxe5 Rce8 22. f4 Kh8 23. Qf5 Bxe5 24. fxe5 b4 25. Rfd1 bxa3 26. bxa3 Qxa3 27.
Bxf7 Nb5 28. Rc6 Qe7 29. e6 Rd8 30. Rdc1 Nd6 31. Qc5 a5 32. Rd1 Nc8 33. Rxd8
Qxd8 34. Kg2 Ne7 35. Rc7 Qd1 36. Qd4 1-0

[Event "TUR-ch Istanbul"]
[Site "Istanbul"]
[Date "2006.03.12"]
[Round "2.3"]
[White "Erdogan, Hakan"]
[Black "Atalik, Ekaterina"]
[Result "1/2-1/2"]
[WhiteElo "2259"]
[BlackElo "2399"]
[PlyCount "89"]
[EventDate "2006.??.??"]

1. d4 d5 2. c4 c6 3. Nc3 Nf6 4. Nf3 dxc4 5. a4 Bf5 6. e3 e6 7. Bxc4 Bb4 8. O-O
O-O 9. Nh4 Nbd7 10. Nxf5 exf5 11. Qf3 g6 12. h3 Nb6 13. Bb3 Nbd5 14. Nxd5 cxd5
15. g4 fxg4 16. hxg4 Rc8 17. Qg2 Kh8 18. f3 Ne8 19. Qh2 f5 20. Bc2 Rc6 21. e4
dxe4 22. Bh6 Qxd4+ 23. Kh1 Bd6 24. f4 Ng7 25. Rfd1 Qxb2 26. Rab1 Qxc2 27. Qxc2
Rxc2 28. Rxb7 Rc7 29. Rxc7 Bxc7 30. Rd7 Rg8 31. Rxc7 fxg4 32. Bg5 e3 33. Rxa7
e2 34. Bh4 Re8 35. Be1 Nf5 36. a5 Nd4 37. a6 Nf3 38. Bc3+ Kg8 39. Rg7+ Kf8 40.
Rxh7 e1=Q+ 41. Bxe1 Rxe1+ 42. Kg2 Ra1 43. a7 Nh4+ 44. Rxh4 Rxa7 45. Rxg4
1/2-1/2

[Event "TUR-ch Istanbul"]
[Site "Istanbul"]
[Date "2006.03.12"]
[Round "2.4"]
[White "Atakisi, Umut"]
[Black "Kilicaslan, Hasan"]
[Result "1/2-1/2"]
[WhiteElo "2441"]
[BlackElo "2281"]
[PlyCount "83"]
[EventDate "2006.??.??"]

1. e4 e5 2. Nf3 Nc6 3. Bb5 a6 4. Ba4 Nf6 5. O-O Be7 6. Re1 d6 7. Bxc6+ bxc6 8.
d4 exd4 9. Nxd4 Bd7 10. Nc3 O-O 11. h3 h6 12. Qf3 Nh7 13. b3 c5 14. Nde2 Bf6
15. Bb2 Ng5 16. Qd3 Re8 17. Ng3 Ne6 18. Rad1 Be5 19. Bc1 Nf4 20. Bxf4 Bxf4 21.
Nge2 Bg5 22. Nd5 Bc6 23. Nec3 a5 24. a4 Bb7 25. Qg3 Bh4 26. Qg4 Re6 27. g3 Rg6
28. Qf3 Bg5 29. Kh2 c6 30. Nf4 Bxf4 31. Qxf4 Qf8 32. Rd2 Rf6 33. Qe3 Re8 34.
Qd3 d5 35. e5 Rfe6 36. Rde2 f6 37. exf6 Rxe2 38. Rxe2 Rxe2 39. Nxe2 Qxf6 40.
Kg2 Bc8 41. g4 Be6 42. Qe3 1/2-1/2

[Event "TUR-ch Istanbul"]
[Site "Istanbul"]
[Date "2006.03.12"]
[Round "2.5"]
[White "Yagiz, Yasin Emrah"]
[Black "Goksel, Doga Cihan"]
[Result "0-1"]
[WhiteElo "2209"]
[BlackElo "2189"]
[PlyCount "94"]
[EventDate "2006.??.??"]

1. Nf3 d5 2. c4 c6 3. e3 Nf6 4. Nc3 e6 5. b3 Bd6 6. Bb2 O-O 7. Qc2 Nbd7 8. Be2
Qe7 9. Rg1 Ba3 10. Bxa3 Qxa3 11. g4 Nc5 12. d3 Rd8 13. g5 Nfd7 14. d4 Na6 15.
h4 Nf8 16. h5 c5 17. Rd1 Nb4 18. Qd2 dxc4 19. Bxc4 Qa5 20. a4 b6 21. Ke2 cxd4
22. exd4 Bb7 23. Ne5 Nc6 24. Qe3 Nxe5 25. dxe5 Rxd1 26. Rxd1 Ba6 27. Bxa6 Qxa6+
28. Qd3 Qa5 29. f4 Rc8 30. Ne4 Qb4 31. Kf3 Rc7 32. Qd8 Qxb3+ 33. Rd3 Qb1 34. h6
Qh1+ 35. Ke3 Qg1+ 36. Ke2 Rc2+ 37. Nd2 Rc1 38. Nf3 Rc2+ 39. Nd2 Qg4+ 40. Ke3
Qg1+ 41. Ke2 Rc1 42. Nf3 Qg2+ 43. Ke3 Rf1 44. Ke4 Re1+ 45. Re3 Qc2+ 46. Qd3
Qc6+ 47. Kd4 Qc5+ 0-1

[Event "TUR-ch Istanbul"]
[Site "Istanbul"]
[Date "2006.03.12"]
[Round "2.6"]
[White "Haznedaroglu, Kivanc"]
[Black "Erdogdu, Mert"]
[Result "1-0"]
[WhiteElo "2438"]
[BlackElo "2345"]
[PlyCount "85"]
[EventDate "2006.??.??"]

1. e4 e5 2. Nf3 Nc6 3. Bb5 a6 4. Bxc6 dxc6 5. O-O Qd6 6. Na3 Qe6 7. b3 Ne7 8.
Nc4 Ng6 9. Bb2 f6 10. d4 exd4 11. e5 c5 12. c3 dxc3 13. Bxc3 Be7 14. Re1 Qf7
15. exf6 gxf6 16. Ba5 Be6 17. Bxc7 Bxc4 18. bxc4 Qxc4 19. h4 Rc8 20. h5 Rxc7
21. hxg6 Rd7 22. Qb1 hxg6 23. Qxg6+ Qf7 24. Qg3 Qh7 25. Kf1 Qd3+ 26. Kg1 Qh7
27. Kf1 Rg8 28. Qb8+ Kf7 29. Qf4 Qd3+ 30. Kg1 Bd6 31. Qh4 Qg6 32. Qc4+ Kf8 33.
Nh4 Qf7 34. Re6 Rg5 35. Rae1 Re7 36. f4 Rg4 37. Qd5 Rxe6 38. Rxe6 Bc7 39. Nf5
Rg6 40. Qxc5+ Kg8 41. Re7 Rxg2+ 42. Kxg2 Qxa2+ 43. Kh3 1-0

[Event "TUR-ch Istanbul"]
[Site "Istanbul"]
[Date "2006.03.12"]
[Round "2.7"]
[White "Can, Emre"]
[Black "Korkmaz, Necmettin"]
[Result "1-0"]
[WhiteElo "2281"]
[BlackElo "2071"]
[PlyCount "85"]
[EventDate "2006.??.??"]

1. e4 e6 2. d4 d5 3. Nd2 c5 4. exd5 exd5 5. Ngf3 Nc6 6. Bb5 Bd6 7. dxc5 Bxc5 8.
O-O Nge7 9. Nb3 Bb6 10. Re1 O-O 11. Be3 Bg4 12. h3 d4 13. Bg5 f6 14. Bf4 Bh5
15. a4 a6 16. Bc4+ Kh8 17. a5 Ba7 18. Ra4 Ng6 19. Bg3 Re8 20. Rxe8+ Qxe8 21.
Be2 Nce5 22. Ra1 Rd8 23. Nxe5 Bxe2 24. Qxe2 fxe5 25. Re1 Qf7 26. Nc1 Re8 27.
Qf3 Qc7 28. Nd3 Qxa5 29. h4 Rf8 30. Qxb7 Bb8 31. h5 Nf4 32. Bxf4 exf4 33. Qe7
Qf5 34. Qc5 Qf7 35. Re7 Qf6 36. Re6 Qf7 37. h6 gxh6 38. Qxd4+ Kg8 39. Rxa6 f3
40. Qg4+ Kh8 41. Qxf3 Qe8 42. Rf6 Rg8 43. Rf7 1-0

[Event "TUR-ch Istanbul"]
[Site "Istanbul"]
[Date "2006.03.13"]
[Round "3.1"]
[White "Korkmaz, Necmettin"]
[Black "Secer, Ata"]
[Result "1/2-1/2"]
[WhiteElo "2071"]
[BlackElo "2229"]
[PlyCount "160"]
[EventDate "2006.??.??"]

1. e4 c5 2. Nf3 Nc6 3. Bb5 g6 4. O-O Bg7 5. c3 Nf6 6. Qa4 O-O 7. d4 cxd4 8.
cxd4 d6 9. Nc3 Bd7 10. d5 Nb8 11. Be3 a6 12. Bxd7 Nbxd7 13. Qb4 Qb8 14. Rfe1
Rc8 15. Bd4 b5 16. Rad1 Rc4 17. Qb3 Qc8 18. e5 dxe5 19. Nxe5 Nxe5 20. Bxe5 Ra7
21. d6 exd6 22. Bxf6 Bxf6 23. Nd5 Kg7 24. Nxf6 Kxf6 25. Qe3 Qc5 26. Qh6 Re7 27.
Rxe7 Kxe7 28. Re1+ Kf6 29. Qxh7 Rc2 30. Qh8+ Kf5 31. Qh4 Qc4 32. Qe7 Rc1 33. h3
Rxe1+ 34. Qxe1 Qxa2 35. Qe7 Qe6 36. g4+ Ke5 37. Qa7 d5 38. Qe3+ Kd6 39. Qb6+
Ke7 40. Qc5+ Qd6 41. Qd4 g5 42. Kf1 Ke6 43. b3 Qc6 44. Qe3+ Kf6 45. f4 gxf4 46.
Qxf4+ Ke7 47. g5 Qc3 48. h4 a5 49. h5 Qd3+ 50. Kf2 Qc2+ 51. Kg1 Qd1+ 52. Kf2
Qxh5 53. Qe5+ Kf8 54. Qxd5 Qh4+ 55. Ke2 Qg4+ 56. Kd2 Qb4+ 57. Kc2 a4 58. Qd8+
Kg7 59. Qf6+ Kg8 60. bxa4 bxa4 61. Qd8+ Kh7 62. Qf6 Qb3+ 63. Kc1 a3 64. Qf5+
Kg8 65. g6 Qc3+ 66. Kd1 Qd4+ 67. Kc2 Qc4+ 68. Kb1 Qb4+ 69. Kc2 Qa4+ 70. Kb1
Qd1+ 71. Ka2 Qd2+ 72. Kxa3 Qd6+ 73. Kb2 fxg6 74. Qg5 Kg7 75. Kc2 Qf6 76. Qg3
Qd4 77. Qg5 Kf7 78. Kc1 Qd3 79. Qe5 Qf5 80. Qxf5+ gxf5 1/2-1/2

[Event "TUR-ch Istanbul"]
[Site "Istanbul"]
[Date "2006.03.13"]
[Round "3.2"]
[White "Erdogdu, Mert"]
[Black "Can, Emre"]
[Result "1-0"]
[WhiteElo "2345"]
[BlackElo "2281"]
[PlyCount "83"]
[EventDate "2006.??.??"]

1. e4 e6 2. d4 d5 3. Nc3 Bb4 4. e5 c5 5. a3 Bxc3+ 6. bxc3 Ne7 7. Qg4 Qc7 8.
Qxg7 Rg8 9. Qxh7 cxd4 10. Ne2 Nbc6 11. f4 Bd7 12. Qd3 dxc3 13. Qxc3 Nf5 14. Rg1
O-O-O 15. g4 d4 16. Qc5 Nh4 17. Rg3 f6 18. exf6 e5 19. fxe5 Qxe5 20. Qxe5 Nxe5
21. h3 Ba4 22. Bf4 d3 23. Bxe5 dxe2 24. Bxe2 Rge8 25. Rc3+ Bc6 26. Rxc6+ bxc6
27. Ba6+ Kd7 28. O-O-O+ Ke6 29. Re1 Kd5 30. f7 Nf3 31. fxe8=Q Rxe8 32. c4+ Ke6
33. Bc3+ Nxe1 34. Bxe1 Kd6 35. Kd2 Rf8 36. Ke2 Re8+ 37. Kd2 Rf8 38. c5+ Kxc5
39. Be2 Kd4 40. h4 Ke4 41. g5 Rd8+ 42. Kc2 1-0

[Event "TUR-ch Istanbul"]
[Site "Istanbul"]
[Date "2006.03.13"]
[Round "3.3"]
[White "Goksel, Doga Cihan"]
[Black "Haznedaroglu, Kivanc"]
[Result "1-0"]
[WhiteElo "2189"]
[BlackElo "2438"]
[PlyCount "61"]
[EventDate "2006.??.??"]

1. Nf3 d5 2. d4 Nf6 3. c4 c6 4. Nc3 e6 5. e3 Nbd7 6. Qc2 Bd6 7. Bd3 O-O 8. O-O
dxc4 9. Bxc4 a6 10. a4 c5 11. Ne4 Nxe4 12. Qxe4 Nb6 13. dxc5 Bxc5 14. Bb3 Qe7
15. Rd1 Kh8 16. Bd2 a5 17. Bc3 f6 18. Qh4 Kg8 19. Qe4 Kh8 20. Qh4 g6 21. Ng5 e5
22. Ne4 Bb4 23. Bxb4 Qxb4 24. Rd8 Kg7 25. Rxf8 Qxf8 26. Rc1 Bd7 27. h3 Rc8 28.
Rd1 Bc6 29. Kh2 Rd8 30. Nc5 Rd6 31. Rxd6 1-0

[Event "TUR-ch Istanbul"]
[Site "Istanbul"]
[Date "2006.03.13"]
[Round "3.4"]
[White "Kilicaslan, Hasan"]
[Black "Yagiz, Yasin Emrah"]
[Result "0-1"]
[WhiteElo "2281"]
[BlackElo "2209"]
[PlyCount "168"]
[EventDate "2006.??.??"]

1. Nf3 e6 2. d4 c5 3. e3 Nf6 4. Bd3 b6 5. O-O Be7 6. Nbd2 O-O 7. c3 Ba6 8. Bxa6
Nxa6 9. Qe2 Qc8 10. a4 Qb7 11. Re1 d5 12. Ne5 cxd4 13. exd4 Nc7 14. Nf1 Ne4 15.
f3 Nd6 16. Ng3 Bh4 17. Rf1 Qa6 18. Qd2 Bxg3 19. hxg3 Nc4 20. Qf4 Nxe5 21. Qxe5
Ne8 22. Bg5 Qb7 23. g4 Qd7 24. Bf4 Rc8 25. Rfe1 Rc4 26. a5 b5 27. Bd2 Nd6 28.
b3 Rc6 29. g5 Nb7 30. Qe2 Ra6 31. b4 Nd6 32. Rf1 Rc6 33. Qd3 a6 34. Rae1 Qa7
35. Kh2 Nf5 36. g3 Qc7 37. Bf4 Rxc3 38. Qxf5 exf5 39. Bxc7 Rxc7 40. Re5 Rd8 41.
Rfe1 Kf8 42. Rxf5 Rc4 43. Rfe5 Rxd4 44. Re7 Rxb4 45. Ra7 Re8 46. Rd1 d4 47.
Rxa6 Re2+ 48. Kh3 Ke7 49. Rb6 Ra2 50. a6 Kd7 51. Rb7+ Ke6 52. a7 Kd5 53. Rxf7
Rba4 54. Rd7+ Kc5 55. Rc7+ Kb6 56. Rxg7 Rxa7 57. Rxa7 Rxa7 58. Rxd4 Kc5 59. Rd8
Rb7 60. Kg4 b4 61. Kf5 b3 62. Rd1 Kc4 63. f4 b2 64. Rb1 Kd4 65. g4 Rb6 66. Rd1+
Ke3 67. Re1+ Kd2 68. Rb1 Ke3 69. Re1+ Kd2 70. Rb1 Kc2 71. Rxb2+ Kxb2 72. Ke5
Rg6 73. f5 Rxg5 74. Kf4 Rg8 75. g5 Kc3 76. f6 Kd4 77. Kf5 Kd5 78. f7 Rf8 79.
Kf6 Kd6 80. Kg7 Ke7 81. Kxh7 Rxf7+ 82. Kg8 Rf8+ 83. Kh7 Rf2 84. Kg7 Rg2 0-1

[Event "TUR-ch Istanbul"]
[Site "Istanbul"]
[Date "2006.03.13"]
[Round "3.5"]
[White "Atalik, Ekaterina"]
[Black "Atakisi, Umut"]
[Result "0-1"]
[WhiteElo "2399"]
[BlackElo "2441"]
[PlyCount "44"]
[EventDate "2006.??.??"]

1. Nf3 c5 2. c4 Nf6 3. Nc3 d5 4. cxd5 Nxd5 5. e4 Nxc3 6. bxc3 g6 7. Ba3 Nd7 8.
h4 h6 9. Be2 Bg7 10. O-O O-O 11. d4 b6 12. e5 e6 13. h5 Bb7 14. Bd3 Kh8 15. Qe2
gxh5 16. Rad1 Rg8 17. Bb1 Bf8 18. Bc1 Rg4 19. dxc5 Bxc5 20. Ne1 Qg8 21. Kh1
Rh4+ 22. Kg1 Qg3 0-1

[Event "TUR-ch Istanbul"]
[Site "Istanbul"]
[Date "2006.03.13"]
[Round "3.6"]
[White "Erturan, Yakup"]
[Black "Erdogan, Hakan"]
[Result "1-0"]
[WhiteElo "2365"]
[BlackElo "2259"]
[PlyCount "83"]
[EventDate "2006.??.??"]

1. e4 c5 2. Nf3 d6 3. d4 cxd4 4. Qxd4 Nc6 5. Bb5 Bd7 6. Bxc6 bxc6 7. O-O e5 8.
Qd3 Nf6 9. Na3 Be7 10. Bg5 h6 11. Bxf6 gxf6 12. Nc4 Be6 13. Ne3 d5 14. Nh4 Rb8
15. exd5 cxd5 16. b3 Rb4 17. Nhf5 d4 18. Ng7+ Kf8 19. Nxe6+ fxe6 20. Nc4 Qd5
21. Rae1 Rg8 22. Qe4 Bc5 23. Kh1 Qxe4 24. Rxe4 Ke7 25. f4 exf4 26. Rexf4 Rg6
27. a3 Rxc4 28. bxc4 e5 29. R4f3 Ke6 30. c3 dxc3 31. Rxc3 e4 32. g3 h5 33. Kg2
Ke5 34. Rd1 Bd4 35. Rb3 a6 36. Rb8 Bc3 37. Re8+ Kf5 38. Rf1+ Kg5 39. Rxe4 Rg7
40. c5 Rc7 41. Rc4 Bb2 42. Rf3 1-0

[Event "TUR-ch Istanbul"]
[Site "Istanbul"]
[Date "2006.03.13"]
[Round "3.7"]
[White "Gurevich, Mikhail"]
[Black "Atalik, Suat"]
[Result "1-0"]
[WhiteElo "2633"]
[BlackElo "2618"]
[PlyCount "167"]
[EventDate "2006.??.??"]

1. c4 e5 2. Nc3 Nf6 3. Nf3 Nc6 4. a3 g6 5. g3 Bg7 6. Bg2 O-O 7. d3 Re8 8. O-O
d5 9. cxd5 Nxd5 10. Bg5 f6 11. Nxd5 Qxd5 12. Be3 Qf7 13. Rc1 Be6 14. Nd2 Bd5
15. Bxd5 Qxd5 16. Qb3 Qxb3 17. Nxb3 Bf8 18. Nc5 Bxc5 19. Rxc5 a5 20. Rfc1 Re7
21. Kf1 Kf7 22. Bd2 Re6 23. b4 axb4 24. axb4 Re7 25. b5 Nd4 26. Rxc7 Nxb5 27.
Rxe7+ Kxe7 28. Rb1 Nd6 29. Bb4 Rb8 30. Bc5 b5 31. Ra1 Kd7 32. Ra7+ Rb7 33. Ra6
Ne8 34. Bb4 Rc7 35. Rb6 Rc1+ 36. Kg2 Rb1 37. Rxb5 Nd6 38. Rb6 Nf5 39. Bc5 Rxb6
40. Bxb6 h5 41. Kf3 Ke6 42. e4 Ne7 43. Bc5 Nc6 44. Ke3 g5 45. f4 g4 46. f5+ Kd7
47. Kd2 Nd8 48. Kc3 Nf7 49. Be3 Nd6 50. Kb4 Ne8 51. Kc5 Nd6 52. Bd2 Nb7+ 53.
Kd5 Nd8 54. Ba5 Nf7 55. Bd2 Ke7 56. Kc6 Nd8+ 57. Kc7 Nf7 58. Bc1 Ke8 59. Kc6
Ke7 60. Kd5 Kd7 61. Kc4 Nd6+ 62. Kc5 Nf7 63. Kd5 Nd8 64. Kc4 Nf7 65. Kc3 Nd6
66. Be3 Kc6 67. Kd2 Nb5 68. Ke1 Kd6 69. Bb6 Kd7 70. Kf1 Nc3 71. Bc5 Ke8 72. Kg2
Kf7 73. Bb4 Nb5 74. Bc5 Ke8 75. h4 Kf7 76. Kf2 Nc3 77. Ke1 Ke8 78. Kd2 Nb5 79.
Kc2 Kd7 80. Kb3 Nc7 81. Kc4 Na6 82. d4 exd4 83. Bxd4 Ke7 84. e5 1-0

[Event "TUR-ch Istanbul"]
[Site "ISTANBUL"]
[Date "2006.03.14"]
[Round "4.1"]
[White "Secer, Ata"]
[Black "Atalik, Suat"]
[Result "0-1"]
[WhiteElo "2229"]
[BlackElo "2618"]
[PlyCount "96"]
[EventDate "2006.??.??"]

1. e4 e5 2. Nf3 Nc6 3. Bb5 a6 4. Ba4 Nf6 5. O-O b5 6. Bb3 Bb7 7. c3 Nxe4 8. d4
Na5 9. Nxe5 Nxb3 10. Qxb3 Nd6 11. a4 Be7 12. Re1 O-O 13. axb5 axb5 14. Rxa8
Qxa8 15. Nxd7 Re8 16. f3 Bh4 17. Rf1 Bd5 18. Qa3 Bc4 19. Rd1 Qxa3 20. Nxa3 Be2
21. Rd2 Be1 22. Rxe2 Rxe2 23. Kf1 Re7 24. Nc5 Bh4 25. g3 Bf6 26. Nc2 h6 27. Nb4
Re8 28. Nd5 Ra8 29. Nxc7 Ra1 30. Nd3 b4 31. Nd5 Bg5 32. f4 bxc3 33. bxc3 Bd8
34. h3 Ba5 35. Ke2 Ra2+ 36. Kf3 f6 37. g4 Nc4 38. g5 Kf7 39. gxh6 gxh6 40. f5
h5 41. N3f4 h4 42. Be3 Rc2 43. Bf2 Bxc3 44. Bxh4 Bxd4 45. Ke4 Rd2 46. Nh5 Be5
47. Nhf4 Nd6+ 48. Ke3 Rxd5 0-1

[Event "TUR-ch Istanbul"]
[Site "ISTANBUL"]
[Date "2006.03.14"]
[Round "4.2"]
[White "Erdogan, Hakan"]
[Black "Gurevich, Mikhail"]
[Result "0-1"]
[WhiteElo "2259"]
[BlackElo "2633"]
[PlyCount "69"]
[EventDate "2006.??.??"]

1. d4 d5 2. c4 c6 3. Nf3 Nf6 4. Nc3 e6 5. e3 a6 6. c5 Nbd7 7. Be2 g6 8. O-O Bg7
9. b4 O-O 10. a4 Re8 11. Bd2 e5 12. Ra3 exd4 13. exd4 Ne4 14. Bf4 a5 15. bxa5
Ndxc5 16. Nxe4 Nxe4 17. a6 bxa6 18. Ne5 c5 19. f3 Ng5 20. Bxg5 Qxg5 21. f4 Qe7
22. Bf3 Be6 23. Re3 Rac8 24. f5 gxf5 25. Bh5 cxd4 26. Rg3 Rc3 27. Rxg7+ Kxg7
28. Nf3 d3 29. Qe1 Qf6 30. Qg3+ Kh8 31. Ne5 Rg8 32. Qe3 Qg5 33. Qxg5 Rxg5 34.
Bxf7 f4 35. Nf3 0-1

[Event "TUR-ch Istanbul"]
[Site "ISTANBUL"]
[Date "2006.03.14"]
[Round "4.5"]
[White "Haznedaroglu, Kivanc"]
[Black "Kilicaslan, Hasan"]
[Result "1-0"]
[WhiteElo "2438"]
[BlackElo "2281"]
[PlyCount "95"]
[EventDate "2006.??.??"]

1. e4 e5 2. Nf3 Nc6 3. Bb5 a6 4. Ba4 Nf6 5. O-O Be7 6. Qe2 d6 7. c3 O-O 8. d4
b5 9. Bb3 Bg4 10. Rd1 exd4 11. cxd4 d5 12. e5 Ne4 13. a4 b4 14. a5 f5 15. Qc2
Na7 16. Nbd2 Kh8 17. Re1 Rc8 18. e6 c5 19. Ne5 Bh5 20. Nd7 c4 21. Ba4 b3 22.
Qb1 Rg8 23. f3 Bh4 24. Re2 Bf6 25. Nf1 c3 26. Bxb3 Bxd4+ 27. Be3 Nb5 28. Bxd5
cxb2 29. Bxd4 Nxd4 30. Rxb2 Nc3 31. Qd3 Ncb5 32. Bc4 Bg6 33. Ne5 Qf6 34. Re1 f4
35. Nxg6+ hxg6 36. Rd2 g5 37. Bxb5 Nxb5 38. Qe4 Rge8 39. Rd7 Nc3 40. Qb7 Rcd8
41. h3 Kh7 42. Nh2 Rxd7 43. Qxd7 Rd8 44. Ng4 Ne2+ 45. Kh2 Qc3 46. Rd1 Rb8 47.
e7 Qc2 48. Nf6+ 1-0